000 00849nam a2200301Ia 4500
001 5939
003 IT-RoPAU
008 130308s9999 xx 000 0 und d
040 _aIT-RoPAU
040 _cIT-RoPAU
041 _aITALIANO
100 _aDoubrovsky Serge
100 _gCodice Aut. SPICS: 7117
245 _a"Nove di cuori (Il): frammento di una psicolettura di ""La nausea"""
245 _bFeticismo, Linguaggio, Afasia-Matematica dell'Inconscio
250 _a1a ed.
260 _aVENEZIA/PADOVA
260 _bMarsilio
260 _c1977 [1° Ed.:1977 - Ed.Ling.Originale:1977]
300 _a"9 p. (prefazione: no ; testo: 9 [pagine: 85-93])"
500 _aLa nausea di Sartre
650 _aSAGGI DI PSICOLOGIA
650 _eCodice materia Spics: 3607
942 _cBK
957 _71
999 _c42402
_d42402
999 _bSI
999 _g1